000 00561nam a2200217Ia 4500
005 20240427153155.0
008 131103s9999 xx 000 0 und d
020 _a237288486
040 _aLoreto College
041 _aEnglish
082 _a371.33
_bEDW
100 _aEdwards, R.P.A.
245 _aResources in Schools
_cR.P.A.Edwards
260 _aLondon
_bEvans brothers
_c1973
300 _aix,149p.
440 _aEvens modern teaching
504 _aIncludes index
650 _aEducation - Resources in Schools
850 _aLCBED
942 _cBK
999 _c26058
_d76537